000 00478nam a22001697a 4500
005 20251108172416.0
008 250721s2001 xx 000 0 ara d
082 1 4 _a664.02/حفظ
245 1 0 _aحفظ وتصنيع الأغذية /
264 1 _aعمان :
_bجامعة القدس المفتوحة،
_c2001.
300 _a392ص.
650 1 7 _aالأغذية
650 1 7 _aتصنيع الأغذية
650 1 7 _aحفظ الأغذية
942 _2ddc
_cBK
999 _c78556
_d78556